000
00263nam a2200097Ia 4500
001
1064298
005
20250827001712.0
008
250824s9999 xx 000 0 und d
245
0
_a
ABDÜLHAMİD İN KURTLARLA DANSI 1
_c
MUSTAFA ARMAĞAN
260
_b
KETEBE YAYINLARI
999
_c
1064298
_d
1064298